000 00312nam a2200109Ia 4500
008 171211s9999 xx 000 0 und d
245 2 _aA Prophetic Peace: Judaism, Religion, and Politics
245 _cAlick Isaacs
260 _c2011
650 _xReligion
856 _uhttp://down.ebook777.com/064/0253356849.pdf
999 _c350447
_d350447